<?xml version="1.0" encoding="UTF-8"?>
<collection xmlns="http://www.loc.gov/MARC21/slim">
 <record>
  <leader>00798cam a2200169 7i4500</leader>
  <controlfield tag="001">0000141367</controlfield>
  <controlfield tag="005">20100427090000.0</controlfield>
  <controlfield tag="002">  0000006448</controlfield>
  <datafield tag="090" ind1="0" ind2="0">
   <subfield code="a">LP 52 FMSM 1 2008 </subfield>
  </datafield>
  <datafield tag="100" ind1="0" ind2="#">
   <subfield code="a">Wan Azani Yuhanis Wan Yeit </subfield>
  </datafield>
  <datafield tag="245" ind1="1" ind2="0">
   <subfield code="a">Monsoon effects on the distribution of total nitrogen in sediment at Setiu lagoon, Terengganu, South China sea  </subfield>
   <subfield code="c">Wan Azani Yuhanis Wan Yeit.</subfield>
  </datafield>
  <datafield tag="260" ind1="#" ind2="#">
   <subfield code="a">Terengganu: </subfield>
   <subfield code="b">Universiti Malaysia Terengganu, </subfield>
   <subfield code="c">2008.</subfield>
  </datafield>
  <datafield tag="300" ind1=" " ind2=" ">
   <subfield code="a">ii, 70 p.: </subfield>
   <subfield code="b">ill.; </subfield>
   <subfield code="c">30 cm..</subfield>
  </datafield>
  <datafield tag="502" ind1="#" ind2="#">
   <subfield code="a">Research Report FMSM (Degree of Bachelor of Science - Marine Biology) 2008</subfield>
  </datafield>
  <datafield tag="520" ind1="3" ind2="#">
   <subfield code="a">This project was carried out to study the effects monsoon towards the distribution of nitrogen in sediment around the Setiu lagoon.</subfield>
  </datafield>
  <datafield tag="602" ind1="#" ind2="#">
   <subfield code="a">Laporan Projek FMSM 2008</subfield>
  </datafield>
  <datafield tag="999" ind1=" " ind2=" ">
   <subfield code="a">1100061873</subfield>
   <subfield code="b">Book</subfield>
   <subfield code="c">LAPORAN PROJEK</subfield>
   <subfield code="e">KOLEKSI KHAS</subfield>
  </datafield>
 </record>
</collection>
